[Event "Frederikssund DSU 100 years F"]
[Site "Frederikssund"]
[Date "2003.02.09"]
[Round "5"]
[White "Nielsen, Leo"]
[Black "Solvbjerg, Keld"]
[Result "1-0"]
[WhiteElo "1389"]
[BlackElo "1444"]
[PlyCount "41"]
[EventDate "2003.02.07"]
[EventType "tourn"]
[EventRounds "5"]
[EventCountry "DEN"]
[SourceTitle "EXT 2023"]
[Source "ChessBase"]
[SourceDate "2022.10.05"]
[SourceVersion "1"]
[SourceVersionDate "2022.10.05"]
[SourceQuality "1"]

1. d4 Nf6 2. c4 e6 3. Nc3 d5 4. cxd5 exd5 5. a3 Bf5 6. Bg5 c6 7. e3 Be7 8. Bd3 Bxd3 9. Qxd3 h6 10. Bxf6 Bxf6 11. Nf3 Nd7 12. e4 dxe4 13. Nxe4 Be7 14. 0-0 0-0 15. Rad1 Nf6 16. Rfe1 Re8 17. Qb3 Nxe4 18. Rxe4 Rb8 19. Rde1 Kf8 20. Ne5 Qd5 21. Qxd5 1-0

[Event "Frederikssund DSU 100 years F"]
[Site "Frederikssund"]
[Date "2003.02.09"]
[Round "4"]
[White "Solvbjerg, Keld"]
[Black "Rasmussen, Ole H"]
[Result "0-1"]
[WhiteElo "1444"]
[BlackElo "1479"]
[PlyCount "56"]
[EventDate "2003.02.07"]
[EventType "tourn"]
[EventRounds "5"]
[EventCountry "DEN"]
[SourceTitle "EXT 2023"]
[Source "ChessBase"]
[SourceDate "2022.10.05"]
[SourceVersion "1"]
[SourceVersionDate "2022.10.05"]
[SourceQuality "1"]

1. d4 Nf6 2. c4 c5 3. d5 b5 4. cxb5 a6 5. bxa6 Bxa6 6. Nc3 d6 7. Nf3 g6 8. g3 Bg7 9. Bg2 0-0 10. 0-0 Nbd7 11. Re1 Ng4 12. Qc2 Nge5 13. Bf1 Nxf3+ 14. exf3 Ne5 15. Kg2 Qd7 16. f4 Ng4 17. Bxa6 Rxa6 18. Qe2 Ra7 19. h3 Nf6 20. f3 Rb8 21. Qc2 Qb7 22. Rd1 Ra6 23. h4 Rb6 24. Rb1 Rb4 25. b3 c4 26. bxc4 Rxb1 27. Nxb1 Qxb1 28. Qxb1 Rxb1 0-1

[Event "Frederikssund DSU 100 years F"]
[Site "Frederikssund"]
[Date "2003.02.08"]
[Round "2"]
[White "Solvbjerg, Keld"]
[Black "Jensen, Jonbert"]
[Result "1-0"]
[WhiteElo "1444"]
[BlackElo "1290"]
[PlyCount "125"]
[EventDate "2003.02.07"]
[EventType "tourn"]
[EventRounds "5"]
[EventCountry "DEN"]
[SourceTitle "EXT 2023"]
[Source "ChessBase"]
[SourceDate "2022.10.05"]
[SourceVersion "1"]
[SourceVersionDate "2022.10.05"]
[SourceQuality "1"]

1. d4 Nf6 2. c4 g6 3. Nc3 d5 4. e3 Bg7 5. Nf3 c6 6. Be2 Nbd7 7. 0-0 Ne4 8. Nd2 Nxc3 9. bxc3 0-0 10. cxd5 cxd5 11. c4 Nf6 12. cxd5 Nxd5 13. Bf3 e5 14. Nb3 Be6 15. Bb2 exd4 16. Bxd4 b6 17. Bxg7 Kxg7 18. Qd4+ f6 19. Rfd1 Nc7 20. Bxa8 Qxa8 21. Qd6 Rf7 22. Rac1 Bxb3 23. axb3 Ne8 24. Qc6 Qb8 25. Qc8 Qe5 26. Qc3 Qe6 27. Qc4 Qe7 28. Rd2 Nd6 29. Qc6 Nb7 30. Rcd1 Na5 31. Qb5 Qe6 32. Rd6 Qc8 33. Rd7 Nc6 34. Rxf7+ Kxf7 35. Qd5+ Qe6 36. Qd7+ Ne7 37. Qxe6+ Kxe6 38. Kf1 h5 39. Ke2 h4 40. h3 Nd5 41. Kd3 f5 42. Kc4 b5+ 43. Kc5 Nc3 44. Rd6+ Ke5 45. f3 a5 46. Rxg6 a4 47. bxa4 bxa4 48. Kc4 Nd5 49. Kd3 Nb4+ 50. Kd2 a3 51. Rg8 Kd6 52. Ra8 a2 53. Kc3 Nd5+ 54. Kb3 a1Q 55. Rxa1 Nxe3 56. Ra2 Ke5 57. Ra4 Nxg2 58. Kc3 Nf4 59. Kd2 Ng6 60. Ke3 Kf6 61. Ra6+ Kg5 62. Rd6 Ne5 63. f4+ 1-0

[Event "Frederikssund DSU 100 years F"]
[Site "Frederikssund"]
[Date "2003.02.07"]
[Round "1"]
[White "Petersen, Torben William"]
[Black "Solvbjerg, Keld"]
[Result "1/2-1/2"]
[WhiteElo "1505"]
[BlackElo "1444"]
[PlyCount "81"]
[EventDate "2003.02.07"]
[EventType "tourn"]
[EventRounds "5"]
[EventCountry "DEN"]
[SourceTitle "EXT 2023"]
[Source "ChessBase"]
[SourceDate "2022.10.05"]
[SourceVersion "1"]
[SourceVersionDate "2022.10.05"]
[SourceQuality "1"]

1. d4 Nf6 2. Nf3 d5 3. e3 e6 4. Bd3 c5 5. c3 Nc6 6. Nbd2 Bd6 7. Qe2 Qc7 8. dxc5 Bxc5 9. 0-0 0-0 10. e4 dxe4 11. Nxe4 Be7 12. Nxf6+ Bxf6 13. Qe4 g6 14. Bh6 Bg7 15. Qh4 Bxh6 16. Qxh6 f5 17. Rfe1 Qg7 18. Qe3 Re8 19. Bc4 Kh8 20. Ne5 Nxe5 21. Qxe5 Qxe5 22. Rxe5 Kg7 23. Rae1 Kf6 24. f4 h6 25. h4 Re7 26. g3 Bd7 27. Kf2 Rae8 28. b4 Bc6 29. Bb3 Bd5 30. c4 Be4 31. g4 g5 32. hxg5+ hxg5 33. gxf5 exf5 34. Rxe7 Rxe7 35. fxg5+ Kxg5 36. Rg1+ Kf4 37. a4 Rd7 38. Rd1 Rh7 39. Kg1 Rg7+ 40. Kf2 Rh7 41. c5 1/2-1/2